Statistics for 50 Biggest cities in Belarus

Click here to take the quiz!

General Stats

  • This quiz has been taken 25 times
  • The average score is 14 of 50

Answer Stats

HintAnswer% Correct
12,021mlnMinsk
100%
6339,7kBrest
81%
2510,3kGomel
75%
3364,8kVitebsk
75%
5356,9kGrodno
69%
8175kBaranovichi
63%
9140,7kBarysaw
63%
4357,1kMogilev
63%
14101,4kSoligorsk
63%
7212,2kBabruysk
56%
13102,7kLida
56%
10126,3kPinsk
56%
1781kPolotsk
56%
11108,1kOrsha
50%
12105,7kMozyr
44%
2352,6kKobrin
38%
1691,9kMaladzyechna
31%
1598,8kNavapolatsk
31%
2450,1kSlonim
31%
2261,7kSlutsk
31%
3328,5kNovogrudok
25%
1966,4kRechytsa
25%
2065,5kSvetlogorsk
25%
2930,5kGorki
19%
2164,9kZhodzina
19%
3029,9kAsipovichy
13%
3228,5kByaroza
13%
4317,8kHlybokaye
13%
2637,7kKalinkavichy
13%
2736,3kSmorgon
13%
1877,6kZhlobin
13%
4218,3kDobrush
6%
3129kDzyarzhynsk
6%
4617,5kFanipal
6%
4916,6kIvanava
6%
3722,2kIvatsevichy
6%
3624kLuninets
6%
3820,8kMaryina Horka
6%
3919,3kPastavy
6%
2833kRahachow
6%
2542,6kVawkavysk
6%
4517,6kZaslawye
6%
4817,1kBykhaw
0%
3524,5kKrychaw
0%
4417,6kLepiel
0%
4118,9kPruzhany
0%
5016,1kShchuchyn
0%
4019,3kSmalyavichy
0%
4717,3kStowbtsy
0%
3427,4kVileyka
0%

Score Distribution

Percentile by Number Answered

Percent of People with Each Score

Your Score History

You have not taken this quiz